01973cam a2200397 a 450000100100000000500170001000800410002703500190006804000310008705000220011808200190014024501900015926001100034930000210045950003250048050400420080565100360084765100540088363000450093770000360098270000370101870000220105570000330107770000180111070000230112870000220115170000270117370000320120070000320123270000220126470000310128670000290131770000240134671000920137071101130146200001197020200929162635.0830624s1982 ck b 100 0 spa  a(DLC) 83165486 aDO-SdBNPcDLCdDLCdMoSU-L00aHF3422b.L42 1982 a382/.09861b1900aLecturas sobre el sector externo de la economía colombiana :bselección de documentos /ccontribuciones Javier Ballesteros Mejía ... [et al. ; Javier Ballesteros Mejía, editor]. aBogotá :bFacultad de Ciencias Económicas y Administrativas, Pontificia Universidad Javeriana,c1982. a189 p. ;c24 cm. a"El presente libro recoge los documentos y ponencias que formaron parte del Seminario Internacional sobre el Sector Externo de la Economia Colombiana, organizado por la Facultad de Ciencias Económicas y Administrativas de la Universidad Javeriana y que tuvo lugar en la sede de la universidad en julio de 1982."--P. i. aIncluye referencias bibliográficas. 0aColombiaxCommercexCongresses. 0aColombiaxForeign Economic RelationsxCongresses.00aCartagena Agreementd(1969)xCongresses.1 aBallesteros Mejia, Javier,eed.1 aBotero de los Ríos, Germán .1 aEzcurra, Enrique.1 aGómez Buendía, Hernando.1 aLow, Patrich.1 aLLorente, Rodrigo.1 aMauthner, Martin.1 aMelo Guevara, Gabriel.1 aMéndez Munnévar, Jorge.1 aPérez Palacio, Francisco.1 aPower, Alejandro.1 aRamírez Acampo, Augusto.1 aRojas Llorente, Alfonso.1 aRicardo Villaveces.1 aPontificia Universidad Javeriana.bFacultad de Ciencias Económicas y Administrativas,1 aSeminario Internacional sobre el Sector Externo de la Economía Colombianad(1982 :cUniversidad Javeriana)